000 00406nam a22001697a 4500
005 20180327113546.0
008 160613b xxu||||| |||| 00| 0 eng d
020 _a978-0-07-022579-6
041 _aeng
082 _b7292
_a338.88
100 _aHill, Charles WL & Jain, Arun Kumar
_91818
245 _aInternational Business
260 _bTMH
300 _a903
650 _aManagement
_9241
942 _cBK
999 _c2554
_d2553